000 00455nam a2200181Ia 4500
003 GCL
040 _aGCL /
_cGCL
082 0 4 _a398.20915
_bM T
100 1 _aMARZOLPH, ULRICH
245 1 0 _aTYPOLOGIE DES PERSISCHEN VOLKSMARCHENS /
_cMARZOLPH, ULRICH
260 _a[S.N] :
_bORIENT INSTITUT DMG
300 _a311 PP
650 0 4 _aPERSIAN - FOLKTALES
650 0 4 _aSYMBOLISM
650 0 4 _aFOLKTALES
650 0 4 _aPERSIAN LITERATURE
942 _2ddc
_cBK
999 _c19114
_d19114